Ładuje się......

Pharmacology

Opis bibliograficzny
1. autor: Don A. Ballington
Kolejni autorzy: Mary M. Laughlin
Format: Printed Book
Wydane: New Delhi CBS Publishers & distributors 2008
Wydanie:3rd ed
Hasła przedmiotowe:
LEADER 00507nam a2200169Ia 4500
999 |c 28128  |d 28128 
020 |a 812391539-X 
082 |a 615.1 BAL-P 
100 |a Don A. Ballington 
245 |a Pharmacology 
250 |a 3rd ed 
260 |a New Delhi  |b CBS Publishers & distributors  |c 2008 
300 |a xv, 604p.:ill 
650 |a Pharmacology. 
700 |a Mary M. Laughlin 
942 |c BK 
952 |0 0  |1 0  |4 0  |6 615_100000000000000_BALP  |7 0  |9 30786  |a DCB  |b DCB  |d 2015-09-01  |l 0  |o 615.1 BAL-P  |p DCB1560  |r 2015-09-01  |w 2019-07-19  |y BK